000
00227 a2200097 4500
001
17332
100
_a
Brown
245
_a
Active filters for communication instrumentations
260
_a
_b
McGraw-Hill
_c
090
_c
12813
_d
12813
942
_a
NUST-CAE
_c
M
_c
3129
999
_c
252405
_d
252405